Exercise testing and prescription : (Record no. 108836)
[ view plain ]
| 000 -LEADER | |
|---|---|
| fixed length control field | 00824pam a2200253 a 4500 |
| 001 - CONTROL NUMBER | |
| control field | 2141125 |
| 005 - DATE AND TIME OF LATEST TRANSACTION | |
| control field | 20181110121252.0 |
| 008 - FIXED-LENGTH DATA ELEMENTS--GENERAL INFORMATION | |
| fixed length control field | 980206s1999 cauab b 001 0 eng |
| 020 ## - INTERNATIONAL STANDARD BOOK NUMBER | |
| International Standard Book Number | 0767404742 (alk. paper) |
| 040 ## - CATALOGING SOURCE | |
| Transcribing agency | PK-LaUMT |
| 082 00 - DEWEY DECIMAL CLASSIFICATION NUMBER | |
| Classification number | 613.7 |
| Edition number | 21 |
| Item number | NIE-E |
| 100 1# - MAIN ENTRY--PERSONAL NAME | |
| Personal name | Nieman, David C. |
| 245 10 - TITLE STATEMENT | |
| Title | Exercise testing and prescription : |
| Remainder of title | a health-related approach / |
| Statement of responsibility, etc | David C. Nieman. |
| 250 ## - EDITION STATEMENT | |
| Edition statement | 4th ed. |
| 260 ## - PUBLICATION, DISTRIBUTION, ETC. (IMPRINT) | |
| Place of publication, distribution, etc | Mountain View, Calif. : |
| Name of publisher, distributor, etc | Mayfield Publishing Company, |
| Date of publication, distribution, etc | 1999 |
| 300 ## - PHYSICAL DESCRIPTION | |
| Extent | xii, 708 p. : |
| Other physical details | ill., map ; |
| Dimensions | 29 cm. |
| 500 ## - GENERAL NOTE | |
| General note | Originally published under the title: Fitness and sports medicine. |
| 650 #0 - SUBJECT ADDED ENTRY--TOPICAL TERM | |
| Topical term or geographic name as entry element | Exercise |
| General subdivision | Physiological aspects. |
| 650 #0 - SUBJECT ADDED ENTRY--TOPICAL TERM | |
| Topical term or geographic name as entry element | Physical fitness. |
| 650 #0 - SUBJECT ADDED ENTRY--TOPICAL TERM | |
| Topical term or geographic name as entry element | Sports medicine. |
| 650 #0 - SUBJECT ADDED ENTRY--TOPICAL TERM | |
| Topical term or geographic name as entry element | Exercise tests. |
| 650 #0 - SUBJECT ADDED ENTRY--TOPICAL TERM | |
| Topical term or geographic name as entry element | Exercise therapy. |
| 942 ## - ADDED ENTRY ELEMENTS (KOHA) | |
| Koha item type | Books |
| Withdrawn status | Lost status | Damaged status | Home library | Current library | Date acquired | Full call number | Barcode | Date last seen | Price effective from | Koha item type |
|---|---|---|---|---|---|---|---|---|---|---|
| UMT Main Campus | UMT Main Campus | 2018-11-10 | 613.7 NIE-E | 125273 | 2021-02-03 | 2018-11-10 | Books |
